000 00504nam a2200181Ia 4500
001 21289
005 20260306172908.0
008 260306t2021||||xx |||||||||||||| ||spa||
041 _aESP
082 _a344.522
_bV67
100 _aVillegas Paiva, Elky Alexander
_eAUT
245 0 _aDelitos sexuales:
_bcriterios de imputación y técnica probatoria para el litigio estratégico
260 _c2021
300 _a397 páginas :
_c25 cm.
650 _aGEN
654 _aCDE
942 _cLIB
_dJUS
_fJUS
_2ddc
_n
999 _c21289
_d21289